Dollars and diplomacy : (Record no. 42241)
[ view plain ]
| 000 -LEADER | |
|---|---|
| fixed length control field | 01212nam a2200301 a 4500 |
| 001 - CONTROL NUMBER | |
| control field | 42241 |
| 003 - CONTROL NUMBER IDENTIFIER | |
| rucl marc code | BD-RjUL |
| 005 - DATE AND TIME OF LATEST TRANSACTION | |
| control field | 20211209053519.0 |
| 008 - FIXED-LENGTH DATA ELEMENTS--GENERAL INFORMATION | |
| fixed length control field | 160611s1981 ncu b 001 0beng |
| 020 ## - INTERNATIONAL STANDARD BOOK NUMBER | |
| International Standard Book Number | 0822304457 |
| Terms of availability | : $10.00 |
| 035 ## - SYSTEM CONTROL NUMBER | |
| System control number | (BD-RjUL) 42359 |
| 040 ## - CATALOGING SOURCE | |
| Original cataloging agency | DLC |
| Transcribing agency | DLC |
| Modifying agency | DLC |
| -- | BD-RjUL |
| Language of cataloging | eng |
| 041 ## - LANGUAGE CODE | |
| Language code of text/sound track or separate title | eng |
| 082 00 - DEWEY DECIMAL CLASSIFICATION NUMBER | |
| Classification number | 327.73047 |
| Edition number | 23 |
| Author mark and year | FRD 1981 |
| 100 1# - MAIN ENTRY--PERSONAL NAME | |
| Personal name | Francis, David Rowland, |
| Dates associated with a name | 1850-1927. |
| 9 (RLIN) | 129905 |
| 245 10 - TITLE STATEMENT | |
| Title | Dollars and diplomacy : |
| Remainder of title | Ambassador David Rowland Francis and the fall of tsarism, 1916-17 / |
| Statement of responsibility, etc. | David Rowland Francis ; edited by Jamie H. Cockfield. |
| 260 ## - PUBLICATION, DISTRIBUTION, ETC. (IMPRINT) | |
| Place of publication, distribution, etc. | Durham, N.C. : |
| Name of publisher, distributor, etc. | Duke University Press, |
| Date of publication, distribution, etc. | 1981. |
| 300 ## - PHYSICAL DESCRIPTION | |
| Pagination | x, 149 p. ; |
| Size | 24 cm. |
| 500 ## - GENERAL NOTE | |
| General note | Letters chiefly from the Francis collection at the Missouri Historical Society. |
| General note | Includes index. |
| 504 ## - BIBLIOGRAPHY, ETC. NOTE | |
| Bibliography, etc | Bibliography: p. [131]-146. |
| 600 10 - SUBJECT ADDED ENTRY--PERSONAL NAME | |
| Personal name | Francis, David Rowland, |
| Dates associated with a name | 1850-1927. |
| 651 #0 - SUBJECT ADDED ENTRY--GEOGRAPHIC NAME | |
| Geographic name | United States |
| General subdivision | Foreign relations |
| Geographic subdivision | Soviet Union |
| General subdivision | Sources. |
| 9 (RLIN) | 129906 |
| Geographic name | Soviet Union |
| General subdivision | Foreign relations |
| Geographic subdivision | United States |
| General subdivision | Sources. |
| 9 (RLIN) | 129907 |
| Geographic name | Soviet Union |
| General subdivision | History |
| Chronological subdivision | Revolution, 1917-1921 |
| General subdivision | Sources. |
| 9 (RLIN) | 129908 |
| 700 1# - ADDED ENTRY--PERSONAL NAME | |
| Personal name | Cockfield, Jamie H. |
| 942 ## - ADDED ENTRY ELEMENTS (KOHA) | |
| Source of classification or shelving scheme | Dewey Decimal Classification |
| Koha item type | Books |
| Lost status | Source of classification or shelving scheme | Damaged status | Not for loan | Collection code | Permanent Location | Current Location | Shelving location | Date acquired | Total Checkouts | Full call number | Date last seen | Copy number | Koha item type |
|---|---|---|---|---|---|---|---|---|---|---|---|---|---|
| Dewey Decimal Classification | Non-fiction | Central Library, University of Rajshahi | Central Library, University of Rajshahi | 24/07/1994 | 327.73047 FRD 1981 | 11/06/2016 | C-2 | Books |